Greek : (Record no. 65)
[ view plain ]
| 000 -LEADER | |
|---|---|
| fixed length control field | 00782nam a2200265Ka 4500 |
| 001 - CONTROL NUMBER | |
| control field | 380929 |
| 003 - CONTROL NUMBER IDENTIFIER | |
| control field | OSt |
| 005 - DATE AND TIME OF LATEST TRANSACTION | |
| control field | 20200421093818.0 |
| 008 - FIXED-LENGTH DATA ELEMENTS--GENERAL INFORMATION | |
| fixed length control field | 971028s1997 enk 001 0 eng d |
| 020 ## - INTERNATIONAL STANDARD BOOK NUMBER | |
| International Standard Book Number | 0415100011 |
| 020 ## - INTERNATIONAL STANDARD BOOK NUMBER | |
| International Standard Book Number | 041510002X (pbk) |
| 040 ## - CATALOGING SOURCE | |
| Transcribing agency | OSbt |
| 041 0# - LANGUAGE CODE | |
| Language code of text/sound track or separate title | enggre |
| 100 1# - MAIN ENTRY--PERSONAL NAME | |
| Personal name | Holton, David. |
| 9 (RLIN) | 38 |
| 245 10 - TITLE STATEMENT | |
| Title | Greek : |
| Remainder of title | a comprehensive grammar of the modern language / |
| Statement of responsibility, etc. | David Holton, Peter Mackridge and Irene Philippaki-Warburton. |
| 260 ## - PUBLICATION, DISTRIBUTION, ETC. | |
| Place of publication, distribution, etc. | London : |
| Name of publisher, distributor, etc. | Routledge, |
| Date of publication, distribution, etc. | 1997. |
| 300 ## - PHYSICAL DESCRIPTION | |
| Extent | xxi, 519 p. ; |
| Dimensions | 24 cm. |
| 500 ## - GENERAL NOTE | |
| General note | Includes index. |
| 650 #0 - SUBJECT ADDED ENTRY--TOPICAL TERM | |
| Topical term or geographic name entry element | Greek language, Modern |
| General subdivision | Grammar. |
| 9 (RLIN) | 699 |
| 700 10 - ADDED ENTRY--PERSONAL NAME | |
| Personal name | Mackridge, Peter A. |
| 9 (RLIN) | 39 |
| 700 20 - ADDED ENTRY--PERSONAL NAME | |
| Personal name | Philippaki-Warburton, Irene. |
| 9 (RLIN) | 40 |
| 942 ## - ADDED ENTRY ELEMENTS (KOHA) | |
| Source of classification or shelving scheme | Dewey Decimal Classification |
| Koha item type | Books |
| 956 ## - LOCAL ELECTRONIC LOCATION AND ACCESS (OCLC) | |
| Host name | NLS |
| Withdrawn status | Lost status | Damaged status | Not for loan | Collection | Home library | Current library | Shelving location | Date acquired | Barcode | Date last seen | Price effective from | Koha item type |
|---|---|---|---|---|---|---|---|---|---|---|---|---|
| Reference | Centerville | Centerville | General stacks | 09/04/2014 | 39999000002553 | 09/04/2014 | 09/04/2014 | Books | ||||
| Reference | Fairview | Fairview | General stacks | 09/04/2014 | 39999000002577 | 09/04/2014 | 09/04/2014 | Books | ||||
| Reference | Fairview | Fairview | General stacks | 09/04/2014 | 39999000002591 | 09/04/2014 | 09/04/2014 | Books | ||||
| Reference | Midway | Midway | General stacks | 09/04/2014 | 39999000002614 | 09/04/2014 | 09/04/2014 | Books |